00238nam a2200085Ia 4500008004100000100002000041245003400061260004700095300001000142190216s9999||||xx |||||||||||||| ||und|| aAgarwala . A N 0aHigher Science Of Accountancy bPublications Division Govt. Of Indiac1978 a1334p